Survey methods in social investigation / (Record no. 234311)
[ view plain ]
| 000 -LEADER | |
|---|---|
| fixed length control field | 00889nam a2200253 a 4500 |
| 001 - CONTROL NUMBER | |
| control field | 2443243 |
| 003 - CONTROL NUMBER IDENTIFIER | |
| control field | Nust |
| 005 - DATE AND TIME OF LATEST TRANSACTION | |
| control field | 20170317123054.0 |
| 008 - FIXED-LENGTH DATA ELEMENTS--GENERAL INFORMATION | |
| fixed length control field | 880616t19791971enkk b 001 0 eng c |
| 010 ## - LIBRARY OF CONGRESS CONTROL NUMBER | |
| LC control number | 88151051 |
| 020 ## - INTERNATIONAL STANDARD BOOK NUMBER | |
| International Standard Book Number | 0566050390 (pbk.) |
| 040 ## - CATALOGING SOURCE | |
| Original cataloging agency | MH |
| Transcribing agency | MH |
| Modifying agency | DLC |
| 082 ## - DEWEY DECIMAL CLASSIFICATION NUMBER | |
| Classification number | 309.1 MOS |
| 100 1# - MAIN ENTRY--PERSONAL NAME | |
| Personal name | Moser, C. A. |
| 245 10 - TITLE STATEMENT | |
| Title | Survey methods in social investigation / |
| Statement of responsibility, etc. | by Sir Claus Moser and Graham Kalton. |
| 260 ## - PUBLICATION, DISTRIBUTION, ETC. | |
| Place of publication, distribution, etc. | Aldershot, Hants, England; |
| -- | Brookfield, Vt., U.S.A. : |
| Name of publisher, distributor, etc. | Gower, |
| Date of publication, distribution, etc. | 1979, |
| 300 ## - PHYSICAL DESCRIPTION | |
| Extent | xvii, 352 p. : |
| Other physical details | forms ; |
| Dimensions | 22 cm. |
| 500 ## - GENERAL NOTE | |
| General note | Includes indexes.<br/>H.B |
| 504 ## - BIBLIOGRAPHY, ETC. NOTE | |
| Bibliography, etc. note | Bibliography: p. 489-532. |
| 650 #0 - SUBJECT ADDED ENTRY--TOPICAL TERM | |
| Topical term or geographic name entry element | Social surveys. |
| 650 #0 - SUBJECT ADDED ENTRY--TOPICAL TERM | |
| Topical term or geographic name entry element | Sampling (Statistics) |
| 906 ## - LOCAL DATA ELEMENT F, LDF (RLIN) | |
| a | 7 |
| b | cbc |
| c | orignew |
| d | u |
| e | ncip |
| f | 19 |
| g | y-gencatlg |
| 942 ## - ADDED ENTRY ELEMENTS (KOHA) | |
| Source of classification or shelving scheme | |
| Koha item type | Book |
| Call number prefix | 309.1 MOS |
| Withdrawn status | Lost status | Source of classification or shelving scheme | Damaged status | Not for loan | Collection code | Permanent Location | Current Location | Shelving location | Date acquired | Total Checkouts | Full call number | Barcode | Date last seen | Price effective from | Koha item type |
|---|---|---|---|---|---|---|---|---|---|---|---|---|---|---|---|
| Institute of Environmental Science and Engineering (IESE) | Institute of Environmental Science and Engineering (IESE) | General Stacks | 03/17/2017 | 309.1 MOS | IESE-29 | 03/17/2017 | 03/17/2017 | Book |
